NORTON BOOK OF WOMEN'S LIVES (Record no. 216465)

MARC details
000 -LEADER
fixed length control field 00414nam a22001577a 4500
008 - FIXED-LENGTH DATA ELEMENTS--GENERAL INFORMATION
fixed length control field 260116b |||||||| |||| 00| 0 eng d
020 ## - INTERNATIONAL STANDARD BOOK NUMBER
International Standard Book Number 0-393-03532-8
050 ## - LIBRARY OF CONGRESS CALL NUMBER
Classification number CT 3235 .N67 1993
100 ## - MAIN ENTRY--PERSONAL NAME
Personal name ROSE, PHYLLIS
245 ## - TITLE STATEMENT
Title NORTON BOOK OF WOMEN'S LIVES
260 ## - PUBLICATION, DISTRIBUTION, ETC.
Place of publication, distribution, etc. NEW YORK
Name of publisher, distributor, etc. W.W. NORTON & COMPANY
Date of publication, distribution, etc. 1993
300 ## - PHYSICAL DESCRIPTION
Extent IIIV,826P.
500 ## - GENERAL NOTE
General note INCLUDES INDEX
942 ## - ADDED ENTRY ELEMENTS (KOHA)
Source of classification or shelving scheme Library of Congress Classification
Koha item type Long Loan Book
Holdings
Withdrawn status Lost status Source of classification or shelving scheme Damaged status Not for loan Collection Home library Current library Shelving location Date acquired Inventory number Total checkouts Full call number Barcode Date last seen Copy number Price effective from Koha item type
    Library of Congress Classification     Arts & Social Sciences Kisii University Library Kisii University Library On Display 01/16/2026 70309   CT 3235 .N67 1993 000000002821 01/16/2026 1 01/16/2026 Long Loan Book